|
|
|
|
| LEADER |
01305nam a2200253 a 4500 |
| 001 |
GR-MES14277 |
| 008 |
080408s gr 000 0 gre d |
| 020 |
|
|
|a 9600315698
|
| 040 |
|
|
|a GrPaTEI
|b gre
|c GR-PaULI
|
| 040 |
|
|
|a GrPaTEI
|b gre
|c GR-PaULI
|
| 082 |
|
0 |
|a Ξ
|
| 100 |
1 |
|
|a Hesse, Hermann,
|d 1877-1962
|
| 245 |
1 |
3 |
|a Οι μεταμορφώσεις του Πίκτορ :
|b Ένα ερωτικό παραμύθι, εικονογραφημένο από τον ίδιο το συγγραφέα, με επιλεγμένα ποιήματα και μ' ένα επίμετρο του Φόλκερ Μίχελς. /
|c Έρμαν Έσσε ; μετάφραση Κυριακή Συντέλη.
|
| 260 |
|
|
|a Αθήνα :
|b Καστανιώτης,
|c 1996
|
| 300 |
|
|
|a 108σ. :
|b εικ. ;
|c 20εκ.
|
| 500 |
|
|
|a Τίτλος πρωτοτύπου:Piktors verwandlungen.
|
| 650 |
|
4 |
|a Γερμανική Λογοτεχνία
|
| 650 |
|
4 |
|a Ξένη Λογοτεχνία
|
| 650 |
|
4 |
|a Παραμύθια
|
| 700 |
1 |
|
|a Συντέλη, Κυριακή
|
| 942 |
|
|
|2 ddc
|
| 952 |
|
|
|0 0
|1 0
|2 ddc
|4 0
|6 Ξ_HES
|7 0
|9 272400
|a MSLG
|b MSLG
|c BSC
|d 2021-01-17
|e 24
|f 0
|g 0.00
|l 0
|o Ξ HES
|p 2420000009951
|r 2021-01-17 00:00:00
|t 1
|w 2021-01-17
|y BK15
|x 20080408 0 ΜΑΤΣΙΩΡΗ 1
|x GrPaTEI
|
| 971 |
|
|
|a .b25803268
|b 01-10-20
|c 13-09-16
|
| 999 |
|
|
|c 157520
|d 157520
|